Prijímací pohovor do zamestnania = Job interview : Bakalárska práca

Na minha lista:
Detalhes bibliográficos
Autor principal: Okrucká, Marta, 1986- (Author)
Outros Autores: Bernát, Libor (xxx)
Formato: Manuscrito Livro
Publicado em: STU v Bratislave MTF UIPH, 2009
Tags: Adicionar Tag
Sem tags, seja o primeiro a adicionar uma tag!

MARC

LEADER 00000ntm a22000003a 4500
001 stu222658
005 20160719160433.0
008 110317s2009----------------------------d
040 |a STU  |b slo 
041 0
100 1 |a Okrucká, Marta,  |d 1986-  |4 aut  |X 24076  |7 A000024076 
245 1 |a Prijímací pohovor do zamestnania = Job interview :  |b Bakalárska práca 
260 |b STU v Bratislave MTF UIPH,  |c 2009 
300 |a 54 s 
700 1 |a Bernát, Libor  |4 xxx  |u M7000  |T MTF Ústav inžinierskej pedagogiky a humatitných vied  |U M7000  |Y M7000 
996 |c M*BP-5148  |l MMSKP  |s P  |a 0  |w stu222658_0001